KOHA-Header-6

Urdu Adab Ki Mukhtasir Tareekh (Record no. 7664)

000 -LEADER
fixed length control field 00256nam a2200109Ia 4500
100 ## - MAIN ENTRY--AUTHOR NAME
Personal name Anwer Sadeed
245 #0 - TITLE STATEMENT
Title Urdu Adab Ki Mukhtasir Tareekh
260 ## - PUBLICATION, DISTRIBUTION, ETC. (IMPRINT)
Place of publication Lahore
Name of publisher A.H.
Year of publication 1996
300 ## - PHYSICAL DESCRIPTION
Number of Pages 675
942 ## - ADDED ENTRY ELEMENTS (KOHA)
Koha item type Books
Holdings
Withdrawn status Lost status Collection code Permanent Location Current Location Shelving location Date acquired Full call number Accession Number Koha item type
    Urdu Literature Computing and Engineering Library Block-D Computing and Engineering Library Block-D Shelf No.A12 2020-12-01 981.43 1664 Urdu Literature

Powered by Koha